| Tag |
First Indicator |
Second Indicator |
Subfields |
| LEADER |
00000nam a2200000 i 4500 |
| 001 |
in00004769713 |
| 003 |
OCoLC |
| 005 |
20220331130146.9 |
| 006 |
m o d |
| 007 |
cr ||||||||||| |
| 008 |
210609s2022 nyua ob 001 0 eng |
| 010 |
|
|
|a 2021016058
|
| 024 |
8 |
|
|a 99995491856
|
| 040 |
|
|
|a DLC
|b eng
|e rda
|c DLC
|d OCLCO
|d OCLCF
|d OCLCO
|d YDX
|
| 020 |
|
|
|a 9781984854315
|q electronic book
|
| 020 |
|
|
|a 1984854313
|q electronic book
|
| 020 |
|
|
|z 9781984854308
|q hardcover
|
| 035 |
|
|
|a (OCoLC)1257312803
|
| 042 |
|
|
|a pcc
|
| 043 |
|
|
|a e-gr---
|
| 050 |
|
4 |
|a DF13
|b .G755 2022
|
| 082 |
0 |
0 |
|a 938.007202
|2 23
|
| 245 |
0 |
4 |
|a The Greek histories :
|b the sweeping history of Ancient Greece as told by its first chroniclers: Herodotus, Thucydides, Xenophon, and Plutarch /
|c edited and annotated by Mary Lefkowitz and James Romm ; with an appendix by Jon E. Lendon ; translations by Carleton Brownson, Richard Crawley, Mary Lefkowitz, Pamela Mensch, Bernadotte Perrin, James Romm, and Samuel Shirley.
|
| 264 |
|
1 |
|a New York :
|b The Modern Library,
|c [2022]
|
| 300 |
|
|
|a 1 online resource () :
|b illustrations.
|
| 336 |
|
|
|a text
|b txt
|2 rdacontent
|
| 337 |
|
|
|a computer
|b c
|2 rdamedia
|
| 338 |
|
|
|a online resource
|b cr
|2 rdacarrier
|
| 504 |
|
|
|a Includes bibliographical references and index.
|
| 505 |
0 |
|
|a Introduction -- Herodotus -- Thucydides -- Xenophon -- Plutarch -- Appendix -- Glossary.
|
| 588 |
|
|
|a Description based on online resource; title from digital title page (viewed on March 31, 2022).
|
| 650 |
|
0 |
|a Historiography
|z Greece
|x History
|y To 1500.
|
| 651 |
|
0 |
|a Greece
|x History
|y To 146 B.C.
|x Historiography.
|
| 650 |
|
7 |
|a Historiography.
|2 fast
|0 (OCoLC)fst00958221
|
| 651 |
|
7 |
|a Greece.
|2 fast
|0 (OCoLC)fst01208380
|
| 648 |
|
7 |
|a To 1500
|2 fast
|
| 655 |
|
7 |
|a Electronic books.
|2 local
|
| 700 |
1 |
|
|a Lefkowitz, Mary R.,
|d 1935-
|e editor,
|e translator.
|
| 700 |
1 |
|
|a Romm, James S.,
|e editor,
|e translator.
|
| 700 |
1 |
|
|a Lendon, J. E.,
|e writer of appendix.
|
| 700 |
1 |
|
|a Brownson, Carleton L.
|q (Carleton Lewis),
|d 1866-1948,
|e translator.
|
| 700 |
1 |
|
|a Mensch, Pamela,
|d 1956-
|e translator.
|
| 700 |
1 |
|
|a Perrin, Bernadotte,
|e translator.
|
| 700 |
1 |
|
|a Shirley, Samuel,
|d 1912-
|e translator.
|
| 700 |
0 |
2 |
|a Herodotus.
|t Works.
|k Selections.
|l English.
|
| 700 |
0 |
2 |
|a Thucydides.
|t Works.
|k Selections.
|l English.
|
| 700 |
0 |
2 |
|a Xenophon.
|t Works.
|k Selections.
|l English.
|
| 700 |
0 |
2 |
|a Plutarch.
|t Works.
|k Selections.
|l English.
|
| 710 |
2 |
|
|a EBSCOhost
|
| 776 |
1 |
8 |
|i Print version:
|t Greek histories
|b First edition.
|d New York : The Modern Library, 2022
|z 9781984854308
|w (DLC) 2021016057
|
| 856 |
4 |
0 |
|u http://proxy.library.tamu.edu/login?url=https://search.ebscohost.com/login.aspx?direct=true&scope=site&db=nlebk&db=nlabk&AN=2912179
|z Connect to the full text of this electronic book
|t 0
|
| 945 |
|
|
|b 951360
|
| 955 |
|
|
|a YBP purchased EBSCO DDA e-records
|
| 980 |
|
|
|b ebook
|c 99995491856
|f DDA
|g 565702
|k USD
|m 83.60
|q 1
|s AcqMono Conventional
|t Demand driven acquisitions (DDA)
|u Vendor order reference number
|v ZYBP
|y PDA
|z Electronic resource
|
| 999 |
f |
f |
|i d34e5ed6-7e8f-40f0-bd04-809075bd7e7b
|s 7d6d648b-63a7-46bf-94f3-8dd4d4511667
|t 0
|
| 952 |
f |
f |
|a Texas A&M University
|b College Station
|c Electronic Resources
|s www_evans
|d Available Online
|t 0
|e DF13 .G755 2022
|h Library of Congress classification
|